UBT Library

ACROECONOMICS (Record no. 58517)

000 -LEADER
fixed length control field 00318nam a22001457a 4500
008 - FIXED-LENGTH DATA ELEMENTS--GENERAL INFORMATION
fixed length control field 221012b ||||| |||| 00| 0 eng d
020 ## - INTERNATIONAL STANDARD BOOK NUMBER
International Standard Book Number 978053800082
041 ## - LANGUAGE CODE
Language code of text/sound track or separate title eng
080 ## - UNIVERSAL DECIMAL CLASSIFICATION NUMBER
Edition identifier 2D EDITION
Universal Decimal Classification number 330
082 ## - DEWEY DECIMAL CLASSIFICATION NUMBER
Classification number 330.BOY
100 ## - Rafti
Rafti 23.1
101 ## - Shkurtesa
Shkurtesa ECO
245 ## - TITLE STATEMENT
Title ACROECONOMICS
Statement of responsibility, etc BOYES W
942 ## - ADDED ENTRY ELEMENTS (KOHA)
Source of classification or shelving scheme
Item type Books
Holdings
Withdrawn status Lost status Source of classification or shelving scheme Damaged status Not for loan Collection code Permanent location Current location Date acquired Total Checkouts Full call number Barcode Date last seen Price effective from Koha item type
          Koleksioni i përgjithshem UBT - Lipjan UBT - Lipjan 10/12/2022   330.BOY 002-80002870026070 10/12/2022 10/12/2022 Books
          Koleksioni i përgjithshem UBT - Lipjan UBT - Lipjan 10/12/2022   330.BOY 002-80002870026071 10/12/2022 10/12/2022 Books
UBT Library © 2015-2024. All rights reserved University Education for Business and Technology